Größte Metropolregionen Ozeaniens - Statistiken

Allgemein
  • Dieses Quiz wurde 37 mal gespielt
  • Das Durchschnittsergebnis liegt bei 10 aus 15
Antwortstatistiken
Einwohner Antwort % Korrekt
6.270.000 Sydney
100%
420.000 Wellington
97%
5.410.000 Melbourne
94%
2.090.000 Perth
94%
1.650.000 Auckland Council
91%
3.540.000 Brisbane
83%
470.000 Canberra
80%
380.000 Christchurch
80%
1.360.000 Adelaide
77%
360.000 Port Moresby
63%
240.000 Darwin
57%
178.000 Hobart
37%
200.000 Hamilton
29%
196.000 Toowoomba
17%
210.000 Napier
6%
Keine übereinstimmenden Quizze gefunden
Verteilung der Resultate
Anzahl Personen mit jedem Resultat
Perzentil nach korrekt beantworteten Fragen
Ihre Resultats-Entwicklung
Sie haben dieses Quiz noch nicht gespielt